000 00626nam a2200205Ia 4500
003 GCL
008 140319s9999 xx 000 0 ara d
040 _aGCL /
_cGCL
082 0 4 _a361
_bص ح
100 1 _aصفوح الاخرس
245 1 0 _aالخدمة الاجتماعية /
_cصفوح الاخرس
700 1 _aنجوى قصاب حسن
300 _a534
490 _aالهيئة العامة للاستعلامات
_v0
650 0 4 _aالخدمة الاجتماعية
650 0 4 _aخدمة الجماعة
650 0 4 _aالرعاية الاجتماعية
650 0 4 _aخدمة الاسرة
942 _2ddc
_cBK
999 _c51011
_d51011